000 00818nam a2200241Ia 4500
003 GCL
005 20240530110551.0
008 140319s9999 xx 000 0 ara d
040 _aGCL /
_cGCL
082 0 4 _a929.62
_bق/ع ق
_221
100 1 _aعبدالله خورشيد البرى
245 1 2 _aالقبائل العربية فى مصر فى القرون الثلاثة الاولى الهجرة /
_cعبدالله خورشيد البرى
260 _a[S.N] :
_bالهيئة المصرية العامة للكتاب ،
_c1992
300 _a377 ص
650 0 4 _aمصر
650 0 4 _aالتاريخ الاسلامى
650 0 4 _aالقبائل العربية
650 0 4 _aالبدو
650 0 4 _aالانثربولوجيا
650 0 4 _aفتح مصر
650 0 4 _aالقبائل
942 _2ddc
_cBK
999 _c62458
_d62458